00462nam a2200157Ia 4500003000900000008004100009040001600050080001700066100002200083245004800105260003500153300001500188490003600203650004100239650002400280IN-BaIIA211028s9999 xx 000 0 eng d cIIA Library a521.1bSTE-1 aSternberg, Shlomo 0aCelestial mechanicsbpt. 1cShlomo Stenberg aNew YorkbW. A. Benjaminc1969 axxi, 158p. aMathematics lecture note series aAstronomy and astrophysics thesaurus aCelestial mechanics